000 00683nam a2200253 i 4500
001 C2-0126426
003 PPAK
005 20180727115532.0
008 970914s1994 my a|||| ||||| | eng d
020 _a9839769073
040 _aPPAK
_beng
_cPPAK
_erda
082 0 4 _a823
_223
090 0 0 _a823
_bMOR
_dK
100 1 _aMorris, Neil,
_eauthor
245 1 4 _aThe rescuers down under
264 1 _aPetaling Jaya, Selangor :
_bSang Suria ,
_c1994
300 _a32 pages :
_bcolour illustrations ;
_c23 cm
336 _2rdacontent
_atext
337 _2rdamedia
_aunmediated
338 _2rdacarrier
_avolume
490 1 _aWalt Disney's
830 0 _aWalt Disney's
942 _ddc
_cB
999 _c37356
_d37356